Normal view MARC view
  • University of Reading Business School

Entry Corporate Name

Number of records used in: 1

001 - CONTROL NUMBER

  • control field: 4944

003 - CONTROL NUMBER IDENTIFIER

  • control field: SIRSI

005 - DATE AND TIME OF LATEST TRANSACTION

  • control field: 20190806150239.0

008 - FIXED-LENGTH DATA ELEMENTS

  • fixed length control field: 060607n| aaannaabn |n ana d

040 ## - CATALOGING SOURCE

  • Original cataloging agency: OSt
  • Transcribing agency: OSt

110 2# - HEADING--CORPORATE NAME

  • Corporate name or jurisdiction name as entry element: University of Reading Business School
  • Subordinate unit: Department of Real Estate and Planning

670 ## - SOURCE DATA FOUND

  • Source citation: Who owns the City 2006, 2006